[Event "SF Olfen 1 - SK Münster 4"]
[Site "Verbandsliga 2017/2018"]
[Date "2017.09.09"]
[Round "1.6"]
[White "Boenigk, Winfried"]
[Black "Schmitt, Konrad"]
[Result "1-0"]
[WhiteElo "1743"]
[BlackElo "1678"]
[PlyCount "65"]
[EventDate "2017.??.??"]
[SourceTitle "Verband Muensterland"]
[SourceDate "2017.09.16"]
[SourceVersion "1"]
[SourceVersionDate "2017.09.16"]
[SourceQuality "1"]

1. d4 d5 2. c4 e6 3. Nc3 c5 4. cxd5 exd5 5. Nf3 Be6 6. Bf4 Nc6 7. e3 Bd6 8.
Bxd6 Qxd6 9. dxc5 Qxc5 10. Rc1 a6 11. a3 Qd6 12. Be2 Rd8 13. Nd4 Nge7 14. O-O
O-O 15. b4 Nxd4 16. Qxd4 Rd7 17. Rfd1 Rfd8 18. Na4 Rc7 19. Nc5 Nc6 20. Qb2 Qe7
21. Nxb7 Rb8 22. Nc5 Rb6 23. Nxa6 Ra7 24. Nc5 Qe8 25. Qc3 Ne7 26. a4 Nf5 27. a5
Rb8 28. b5 Nd6 29. b6 Re7 30. Rb1 Qc6 31. Qb4 Nb7 32. Na6 Rbe8 33. Bb5 1-0

[Event "SF Olfen 1 - SK Münster 4"]
[Site "Verbandsliga 2017/2018"]
[Date "2017.09.09"]
[Round "1.7"]
[White "Sobel, Meinhard"]
[Black "Limberg, Johannes"]
[Result "1/2-1/2"]
[WhiteElo "1643"]
[BlackElo "1609"]
[PlyCount "52"]
[EventDate "2017.??.??"]
[SourceTitle "Verband Muensterland"]
[SourceDate "2017.09.16"]
[SourceVersion "1"]
[SourceVersionDate "2017.09.16"]
[SourceQuality "1"]

1. e4 c5 2. Nf3 e6 3. d4 cxd4 4. Nxd4 a6 5. Nc3 Bc5 6. Be3 d6 7. Qd2 Nf6 8. Nb3
Bb4 9. f3 Qc7 10. a3 Bxc3 11. Qxc3 Qxc3+ 12. bxc3 Nc6 13. Rd1 d5 14. Bd3 dxe4
15. Bxe4 Nxe4 16. fxe4 e5 17. Bb6 Bg4 18. Rd3 O-O 19. h3 Be6 20. Nc5 Bc4 21.
Rd7 Be6 22. Nxe6 fxe6 23. Rf1 Rxf1+ 24. Kxf1 Rf8+ 25. Ke2 Rf7 26. Rd6 Re7
1/2-1/2

[Event "SF Olfen 1 - SK Münster 4"]
[Site "Verbandsliga 2017/2018"]
[Date "2017.09.09"]
[Round "1.8"]
[White "Heimann, Karsten"]
[Black "Redemann, Rolf"]
[Result "1-0"]
[WhiteElo "1629"]
[BlackElo "1468"]
[PlyCount "73"]
[EventDate "2017.??.??"]
[SourceTitle "Verband Muensterland"]
[SourceDate "2017.09.16"]
[SourceVersion "1"]
[SourceVersionDate "2017.09.16"]
[SourceQuality "1"]

1. e4 e5 2. Nf3 Nc6 3. Bb5 a6 4. Ba4 Nf6 5. O-O Be7 6. Re1 d6 7. c3 O-O 8. d4
b5 9. Bb3 Bg4 10. Qd3 h6 11. Nbd2 Re8 12. a4 Rb8 13. h3 Bd7 14. axb5 Rxb5 15.
Bc4 Rb6 16. Rxa6 Rxa6 17. Bxa6 exd4 18. Nxd4 Ne5 19. Qe3 c6 20. N4f3 Qa5 21.
Be2 Bd8 22. Nxe5 dxe5 23. Nc4 Qc7 24. Rd1 Be7 25. Qd3 Rd8 26. Qc2 Ne8 27. Be3
Rb8 28. Qd2 Be6 29. Nxe5 g5 30. Ng4 Kg7 31. Bd4+ f6 32. e5 f5 33. Nf6 Nxf6 34.
exf6+ Bxf6 35. Bxf6+ Kxf6 36. b4 Bb3 37. Qd6+ 1-0

[Event "SK Metelen 1 - SV Heiden 1"]
[Site "Verbandsliga 2017/2018"]
[Date "2017.09.09"]
[Round "1.1"]
[White "Berger, Alfred"]
[Black "Bernink, Henk"]
[Result "1/2-1/2"]
[WhiteElo "1967"]
[BlackElo "2102"]
[PlyCount "87"]
[EventDate "2017.??.??"]
[SourceTitle "Verband Muensterland"]
[SourceDate "2017.09.16"]
[SourceVersion "1"]
[SourceVersionDate "2017.09.16"]
[SourceQuality "1"]

1. e4 c6 2. d4 d5 3. exd5 cxd5 4. Bd3 Nc6 5. c3 Nf6 6. Bf4 Bg4 7. Qb3 Qc8 8.
Nd2 e6 9. Ngf3 Be7 10. O-O O-O 11. Rfe1 Bh5 12. Ne5 Nxe5 13. dxe5 Nd7 14. Qc2
Bg6 15. Bxg6 fxg6 16. Bg3 g5 17. Nb3 Nc5 18. Nd4 Ne4 19. f3 Nxg3 20. hxg3 Bc5
21. Qd3 Qe8 22. b4 Bb6 23. Kf1 Rc8 24. Ke2 Rc4 25. a3 Qf7 26. Nb5 Bc7 27. Nxc7
Rxc7 28. Rac1 Rfc8 29. Kd2 a6 30. Kc2 Rc4 31. Kb2 Qc7 32. Qe3 h6 33. Red1 Kf7
34. Rd4 Rxd4 35. cxd4 Qxc1+ 36. Qxc1 Rxc1 37. Kxc1 g4 38. Kd2 Kg6 39. a4 b6 40.
b5 axb5 41. axb5 Kf5 42. Ke3 h5 43. Ke2 g5 44. Ke3 1/2-1/2

[Event "SK Metelen 1 - SV Heiden 1"]
[Site "Verbandsliga 2017/2018"]
[Date "2017.09.09"]
[Round "1.2"]
[White "Koch, Alexander"]
[Black "Wienen, Hermann"]
[Result "1-0"]
[WhiteElo "2013"]
[BlackElo "1947"]
[PlyCount "49"]
[EventDate "2017.??.??"]
[SourceTitle "Verband Muensterland"]
[SourceDate "2017.09.16"]
[SourceVersion "1"]
[SourceVersionDate "2017.09.16"]
[SourceQuality "1"]

1. e4 e5 2. Nf3 Nc6 3. Bc4 Bc5 4. d3 Nf6 5. Nc3 h6 6. Be3 Bxe3 7. fxe3 d6 8.
O-O Na5 9. Bb3 Nxb3 10. axb3 c6 11. Qe1 O-O 12. Nh4 g6 13. h3 Be6 14. Rf3 Kg7
15. Qf2 Nh7 16. Rf1 Ng5 17. Rg3 Qe7 18. Nf5+ Bxf5 19. exf5 Qd7 20. e4 d5 21. h4
Nh7 22. f6+ Kh8 23. Qe3 h5 24. exd5 Qc7 25. Qh6 1-0

[Event "SK Metelen 1 - SV Heiden 1"]
[Site "Verbandsliga 2017/2018"]
[Date "2017.09.09"]
[Round "1.3"]
[White "Ehrlich, Hans-Georg"]
[Black "Schudro, Vasily"]
[Result "1/2-1/2"]
[WhiteElo "1788"]
[BlackElo "2017"]
[PlyCount "113"]
[EventDate "2017.??.??"]
[SourceTitle "Verband Muensterland"]
[SourceDate "2017.09.16"]
[SourceVersion "1"]
[SourceVersionDate "2017.09.16"]
[SourceQuality "1"]

1. b4 a5 2. b5 d5 3. Bb2 Bf5 4. Nf3 e6 5. e3 Nf6 6. Be2 Be7 7. O-O O-O 8. d4
Nbd7 9. Nbd2 Nb6 10. c4 dxc4 11. Nxc4 Nxc4 12. Bxc4 Bg4 13. Be2 a4 14. Nd2 Bxe2
15. Qxe2 a3 16. Bc3 Nd5 17. Qc4 f5 18. Rfc1 Qd7 19. Rab1 Bd6 20. g3 Ra7 21. Qd3
Ra4 22. Nc4 Rfa8 23. Rb3 Qf7 24. b6 Qd7 25. bxc7 Bxc7 26. Bd2 b6 27. Rxa3 Rxa3
28. Nxa3 Bd6 29. Qb5 Qxb5 30. Nxb5 Bf8 31. Rc2 Kf7 32. f3 Bb4 33. e4 Bxd2 34.
Rxd2 Ra4 35. Nd6+ Ke7 36. Nc8+ Kd7 37. exd5 Kxc8 38. dxe6 Ra5 39. Kf2 Kd8 40.
Ke3 Ke7 41. Rc2 Kxe6 42. Rc7 g5 43. Rxh7 Ra4 44. Rh6+ Kd5 45. Rxb6 Rxa2 46.
Rb5+ Ke6 47. h4 Ra3+ 48. Kf2 Ra2+ 49. Kg1 gxh4 50. gxh4 Ra4 51. Rb6+ Ke7 52.
Kf2 Rxd4 53. Kg3 Kf7 54. h5 Kg7 55. Rg6+ Kf7 56. Ra6 Rb4 57. Ra7+ 1/2-1/2

[Event "SK Metelen 1 - SV Heiden 1"]
[Site "Verbandsliga 2017/2018"]
[Date "2017.09.09"]
[Round "1.4"]
[White "Grotenhuis, Gerard"]
[Black "Sicking, Norbert"]
[Result "1-0"]
[WhiteElo "1902"]
[BlackElo "1809"]
[PlyCount "39"]
[EventDate "2017.??.??"]
[SourceTitle "Verband Muensterland"]
[SourceDate "2017.09.16"]
[SourceVersion "1"]
[SourceVersionDate "2017.09.16"]
[SourceQuality "1"]

1. b3 d5 2. Bb2 e6 3. e3 Nf6 4. f4 c5 5. Nf3 Nc6 6. Bb5 Bd7 7. O-O a6 8. Bxc6
Bxc6 9. Ne5 Bd6 10. d3 O-O 11. Nd2 Bxe5 12. fxe5 Nd7 13. Qg4 h6 14. Rf3 Qe7 15.
Raf1 Kh7 16. Rg3 Rg8 17. Nf3 Raf8 18. Bc1 f5 19. Qg6+ Kh8 20. Ng5 1-0

[Event "SK Metelen 1 - SV Heiden 1"]
[Site "Verbandsliga 2017/2018"]
[Date "2017.09.09"]
[Round "1.5"]
[White "Herdering, Martin"]
[Black "Wigger, Frank"]
[Result "1/2-1/2"]
[WhiteElo "1799"]
[BlackElo "1794"]
[PlyCount "60"]
[EventDate "2017.??.??"]
[SourceTitle "Verband Muensterland"]
[SourceDate "2017.09.16"]
[SourceVersion "1"]
[SourceVersionDate "2017.09.16"]
[SourceQuality "1"]

1. e4 e5 2. Nf3 Nc6 3. Bc4 Nf6 4. d3 Bc5 5. c3 a6 6. Bb3 Ba7 7. h3 h6 8. Nbd2
O-O 9. Qe2 d5 10. Nf1 dxe4 11. dxe4 Na5 12. Ng3 Nxb3 13. axb3 Be6 14. Nxe5 Qe7
15. Nc4 Rfe8 16. O-O Bxc4 17. Qxc4 Qe5 18. Kh1 Nxe4 19. Nxe4 Qxe4 20. Qxc7 Re7
21. Qg3 Kh7 22. Be3 Bxe3 23. Qxe3 Rae8 24. Rae1 Qc2 25. Qxe7 Rxe7 26. Rxe7 Qxb2
27. Rxb7 Qxc3 28. Rd1 Qc2 29. Rdd7 Qc1+ 30. Kh2 Qf4+ 1/2-1/2

[Event "SK Metelen 1 - SV Heiden 1"]
[Site "Verbandsliga 2017/2018"]
[Date "2017.09.09"]
[Round "1.6"]
[White "Bückers, Bernhard"]
[Black "Niewerth, Gerd"]
[Result "0-1"]
[WhiteElo "1648"]
[BlackElo "1784"]
[PlyCount "83"]
[EventDate "2017.??.??"]
[SourceTitle "Verband Muensterland"]
[SourceDate "2017.09.16"]
[SourceVersion "1"]
[SourceVersionDate "2017.09.16"]
[SourceQuality "1"]

1. c4 Nf6 2. Nc3 d6 3. d4 g6 4. Nf3 Bg7 5. g3 O-O 6. Bg2 Nbd7 7. O-O c6 8. b3
Re8 9. Bb2 e5 10. dxe5 dxe5 11. e4 Qc7 12. Qc2 Nf8 13. Rad1 Bg4 14. h3 Bxf3 15.
Bxf3 Rad8 16. Rxd8 Rxd8 17. Rd1 Ne6 18. Rxd8+ Qxd8 19. Qd1 Qxd1+ 20. Bxd1 Ng5
21. f3 Nxh3+ 22. Kg2 Ng5 23. c5 Ne6 24. b4 Nd7 25. a4 Bh6 26. Kf2 Kf8 27. Ke2
Ke7 28. Kd3 Bg5 29. Ne2 h5 30. Bc3 Bf6 31. Ke3 g5 32. Kf2 h4 33. gxh4 gxh4 34.
Kg2 Ndf8 35. Kh3 Ng6 36. Kg4 Ngf4 37. Bd2 h3 38. Ng3 Nd3 39. Nh1 h2 40. Kg3 Bg5
41. Bxg5+ Nxg5 42. Kxh2 0-1

[Event "SK Metelen 1 - SV Heiden 1"]
[Site "Verbandsliga 2017/2018"]
[Date "2017.09.09"]
[Round "1.7"]
[White "Winzenhörlein, Thomas"]
[Black "Denkler, Jürgen"]
[Result "1-0"]
[WhiteElo "1738"]
[BlackElo "1696"]
[PlyCount "119"]
[EventDate "2017.??.??"]
[SourceTitle "Verband Muensterland"]
[SourceDate "2017.09.16"]
[SourceVersion "1"]
[SourceVersionDate "2017.09.16"]
[SourceQuality "1"]

1. f4 d5 2. Nf3 c5 3. e3 Nf6 4. Be2 Nc6 5. d3 g6 6. O-O Bg7 7. Nc3 O-O 8. e4
dxe4 9. dxe4 e5 10. fxe5 Ng4 11. Qxd8 Rxd8 12. Bg5 Re8 13. Nd5 Bxe5 14. Nxe5
Rxe5 15. Bf4 Kg7 16. Bxe5+ Ngxe5 17. c3 Bd7 18. Rad1 Rc8 19. Rd2 f5 20. exf5
Bxf5 21. h3 a6 22. Nb6 Re8 23. Nc4 Re7 24. Nxe5 Nxe5 25. Rf4 Bd7 26. b4 cxb4
27. cxb4 Bc6 28. Bf1 Rc7 29. Rc2 Rd7 30. Rc5 Nd3 31. Bxd3 Rxd3 32. Rf2 Rd1+ 33.
Kh2 Rd7 34. Rfc2 Rd6 35. h4 h6 36. a3 Re6 37. R5c3 Rd6 38. Rf2 Re6 39. Rd3 Rf6
40. Rxf6 Kxf6 41. Rd6+ Kg7 42. Kg3 h5 43. Kf2 Kf7 44. g3 Kg7 45. Ke3 Kf7 46.
Kd4 Bg2 47. a4 Bc6 48. Rxc6 bxc6 49. Kc5 Kf6 50. Kxc6 Kf5 51. Kb6 Kg4 52. Kxa6
Kxg3 53. b5 Kxh4 54. b6 g5 55. b7 g4 56. b8=Q Kh3 57. Kb5 g3 58. a5 g2 59. Qg8
Kh2 60. a6 1-0

[Event "SK Metelen 1 - SV Heiden 1"]
[Site "Verbandsliga 2017/2018"]
[Date "2017.09.09"]
[Round "1.8"]
[White "Gravenkötter, Christian"]
[Black "Kloster, Elisabeth"]
[Result "1/2-1/2"]
[WhiteElo "1711"]
[BlackElo "1769"]
[PlyCount "111"]
[EventDate "2017.??.??"]
[SourceTitle "Verband Muensterland"]
[SourceDate "2017.09.16"]
[SourceVersion "1"]
[SourceVersionDate "2017.09.16"]
[SourceQuality "1"]

1. e4 e6 2. d4 d5 3. exd5 exd5 4. Nf3 Bf5 5. Bd3 Bxd3 6. Qxd3 Bd6 7. Qb5+ c6 8.
Qxb7 Qe7+ 9. Qxe7+ Nxe7 10. O-O O-O 11. c3 Nd7 12. Nbd2 Rfe8 13. Re1 Ng6 14. g3
Nf6 15. Rxe8+ Rxe8 16. b4 h5 17. Bb2 Ne4 18. Re1 f5 19. Ng5 Re7 20. Ndxe4 dxe4
21. Bc1 h4 22. Kg2 hxg3 23. hxg3 Nf8 24. f3 exf3+ 25. Nxf3 Rxe1 26. Nxe1 Kf7
27. a4 Ke6 28. Nc2 a6 29. Kf3 Nd7 30. Bf4 Bxf4 31. Kxf4 Nb6 32. Ne3 Nxa4 33.
Nd1 Kf6 34. c4 g5+ 35. Kf3 Nb6 36. Ne3 Ke6 37. Ke2 f4 38. gxf4 gxf4 39. Ng2 Kf5
40. Kd3 f3 41. Ne3+ Kf4 42. Nf1 f2 43. d5 cxd5 44. c5 Nc8 45. Ke2 Ne7 46. Nd2
Nc6 47. Kxf2 Nxb4 48. Ke2 d4 49. Nb3 Ke4 50. c6 Nxc6 51. Nc5+ Kd5 52. Nxa6 Kc4
53. Nc7 Ne5 54. Ne6 d3+ 55. Kd1 Kc3 56. Nc5 1/2-1/2